000 00275nam a2200085Ia 4500
008 171024s2000 xx 000 0 und d
245 _aIucn- The World Conservation Union : Commission On Environmetal Law
260 _aGermany
_bIUCN
_c2000
650 _aEnvironmental law commission
999 _c110444
_d110444